<?xml version="1.0" encoding="UTF-8"?>
<record
    xmlns:xsi="http://www.w3.org/2001/XMLSchema-instance"
    xsi:schemaLocation="http://www.loc.gov/MARC21/slim http://www.loc.gov/standards/marcxml/schema/MARC21slim.xsd"
    xmlns="http://www.loc.gov/MARC21/slim">

  <leader>01600nam a2200205 a 4500</leader>
  <controlfield tag="008">190917t2004    ag  |||g |||| 001 f spa d</controlfield>
  <datafield tag="020" ind1=" " ind2=" ">
    <subfield code="a">9875503835</subfield>
  </datafield>
  <datafield tag="041" ind1=" " ind2=" ">
    <subfield code="a">spa</subfield>
  </datafield>
  <datafield tag="092" ind1=" " ind2=" ">
    <subfield code="c">808</subfield>
    <subfield code="l">78</subfield>
    <subfield code="s">SHE</subfield>
  </datafield>
  <datafield tag="100" ind1="1" ind2=" ">
    <subfield code="a">Shelley, Mary W.</subfield>
    <subfield code="9">4024</subfield>
  </datafield>
  <datafield tag="245" ind1=" " ind2=" ">
    <subfield code="a">Frankenstein /</subfield>
    <subfield code="c">Mary W. Shelley</subfield>
  </datafield>
  <datafield tag="250" ind1=" " ind2=" ">
    <subfield code="a">1a ed. 1a reimp.</subfield>
    <subfield code="b">Traducci&#xF3;n Antonio Tuli&#xE1;n</subfield>
  </datafield>
  <datafield tag="260" ind1=" " ind2=" ">
    <subfield code="a">Buenos Aires:</subfield>
    <subfield code="b">Longseller;</subfield>
    <subfield code="c">2004.</subfield>
  </datafield>
  <datafield tag="300" ind1=" " ind2=" ">
    <subfield code="a">320 p.</subfield>
    <subfield code="c">11x18 cm.</subfield>
  </datafield>
  <datafield tag="500" ind1=" " ind2=" ">
    <subfield code="a">Shelley, M. W. (2004). Frankenstein. (1a ed.). Buenos Aires : Longseller.</subfield>
  </datafield>
  <datafield tag="505" ind1=" " ind2=" ">
    <subfield code="a">Frankenstein narra la obsesi&#xF3;n del cient&#xED;fico por crear vida a partir de la materia inerte. Manipulando cad&#xE1;veres deambula entre el cementerio y la morgue y, luego de ciertos experimentos "el&#xE9;ctricos" no explicitados, crea el "monstruo" -u "horrendo hu&#xE9;sped", como tambi&#xE9;n  lo menciona-, que parad&#xF3;jicamente nace "inocente". El horror y el desprecio de los dem&#xE1;s lo recluyen en la soledad, pero a medida que adquiere el lenguaje se hace humano. Aunque ya es tarde: despreciado por su "padre", comienza a exterminar, uno a uno, a todos los seres queridos que rodean a Victor. Luego es &#xE9;ste quien corre detr&#xE1;s del "monstruo" para destruirlo y evitar nuevos males. Es posible que la cl&#xE1;sica obra de Mary Shelley, enmarcada en lo que se podr&#xED;a designar como "bohemia rom&#xE1;ntica", persiguiera una vaga intenci&#xF3;n cr&#xED;tica al tiempo que presentaba, de manera bastante pesimista, una visi&#xF3;n ut&#xF3;pica de costumbres y educaci&#xF3;n alternativas. </subfield>
  </datafield>
  <datafield tag="590" ind1=" " ind2=" ">
    <subfield code="a">Proyecto 4to libro, Donaci&#xF3;n Adriana Navarro. Febrero 2019.</subfield>
  </datafield>
  <datafield tag="655" ind1=" " ind2=" ">
    <subfield code="a">Novela</subfield>
    <subfield code="9">3091</subfield>
  </datafield>
  <datafield tag="942" ind1=" " ind2=" ">
    <subfield code="2">ddc</subfield>
    <subfield code="c">LIT</subfield>
  </datafield>
  <datafield tag="999" ind1=" " ind2=" ">
    <subfield code="c">2866</subfield>
    <subfield code="d">2866</subfield>
  </datafield>
  <datafield tag="952" ind1=" " ind2=" ">
    <subfield code="0">0</subfield>
    <subfield code="1">0</subfield>
    <subfield code="2">ddc</subfield>
    <subfield code="4">0</subfield>
    <subfield code="7">0</subfield>
    <subfield code="a">BFM</subfield>
    <subfield code="b">BFM</subfield>
    <subfield code="c">CR</subfield>
    <subfield code="d">2019-02-28</subfield>
    <subfield code="e">Proyecto 4to libro, Donaci&#xF3;n Adriana Navarro. Febrero 2019.</subfield>
    <subfield code="l">2</subfield>
    <subfield code="o">808 78 SHE</subfield>
    <subfield code="p">4394</subfield>
    <subfield code="r">2024-08-05</subfield>
    <subfield code="s">2024-07-05</subfield>
    <subfield code="t">Ej. 1</subfield>
    <subfield code="w">2019-02-28</subfield>
    <subfield code="y">LIT</subfield>
    <subfield code="z">Proyecto 4to libro, Donaci&#xF3;n Adriana Navarro. Febrero 2019.</subfield>
  </datafield>
  <datafield tag="952" ind1=" " ind2=" ">
    <subfield code="0">0</subfield>
    <subfield code="1">0</subfield>
    <subfield code="2">ddc</subfield>
    <subfield code="4">0</subfield>
    <subfield code="7">0</subfield>
    <subfield code="a">BFM</subfield>
    <subfield code="b">BFM</subfield>
    <subfield code="d">2022-06-29</subfield>
    <subfield code="e">Donacion</subfield>
    <subfield code="l">0</subfield>
    <subfield code="o">808 78 SHE</subfield>
    <subfield code="p">4636</subfield>
    <subfield code="r">2022-06-29</subfield>
    <subfield code="t">Ej. 2</subfield>
    <subfield code="w">2022-06-29</subfield>
    <subfield code="y">LIT</subfield>
    <subfield code="z">Proyecto 4to libro. Donaci&#xF3;n Bustamante, Marianela. marzo 2020</subfield>
    <subfield code="f"></subfield>
  </datafield>
</record>
